Musicals (M-Z) SLIDESHOW Quiz Stats

 Plays Quiz not verified by Sporcle

Also try: Born in... 1965
Challenge
Share
Tweet
Score 0/43 Timer 10:00
0 Plays Today
% Correct
Oliver
92.4%
The Wizard of Oz
92.4%
Shrek the Musical
88.6%
Sound of Music
88.6%
My Fair Lady
87.3%
Peter Pan
87.3%
Wicked
86.1%
Spamalot
84.8%
Newsies
82.3%
Mamma Mia
81%
Oklahoma
81%
Rent
81%
Once
73.4%
Singin in the Rain
73.4%
The Phantom of the Opera
72.2%
The Music Man
69.6%
Rock of Ages
69.6%
Mary Poppins
65.8%
Victor Victoria
65.8%
Willy Wonka
65.8%
Matilda
64.6%
The Pajama Game
64.6%
% Correct
The Wiz
63.3%
South Pacific
60.8%
Rocky Horror Show
58.2%
The Producers
55.7%
Seven Brides for Seven Brothers
55.7%
Spring Awakening
53.2%
Xanadu
53.2%
Porgy and Bess
51.9%
Seussical the Musical
50.6%
Thoroughly Modern Millie
50.6%
Something Rotten
45.6%
Next to Normal
44.3%
Quilters
41.8%
Young Frankenstein
39.2%
Memphis
36.7%
Ragtime
36.7%
West Side Story
34.2%
Urinetown
32.9%
You're a Good Man, Charlie Brown
30.4%
The Will Rogers Follies
21.5%
Sweeney Todd
16.5%

You're not logged in!

Compare scores with friends on all Sporcle quizzes.
Join for Free
OR
Log In

You Might Also Like...

Show Comments

Extras

Created Jan 16, 2016ReportNominate
Tags:Musical Quiz, m-z, Slideshow

Top Quizzes Today


Score Distribution

Your Account Isn't Verified!

In order to create a playlist on Sporcle, you need to verify the email address you used during registration. Go to your Sporcle Settings to finish the process.

Report this User

Report this user for behavior that violates our Community Guidelines.

Details: